<?xml version="1.0" encoding="UTF-8"?><?xml-stylesheet type="text/xsl" href="static/style.xsl"?><OAI-PMH xmlns="http://www.openarchives.org/OAI/2.0/" xmlns:xsi="http://www.w3.org/2001/XMLSchema-instance" xsi:schemaLocation="http://www.openarchives.org/OAI/2.0/ http://www.openarchives.org/OAI/2.0/OAI-PMH.xsd"><responseDate>2026-06-01T16:03:12Z</responseDate><request verb="GetRecord" identifier="oai:riuma.uma.es:10630/10231" metadataPrefix="marc">https://riuma.uma.es/rest/oai/request</request><GetRecord><record><header><identifier>oai:riuma.uma.es:10630/10231</identifier><datestamp>2026-02-03T12:16:24Z</datestamp><setSpec>com_10630_2254</setSpec><setSpec>col_10630_37959</setSpec></header><metadata><record xmlns="http://www.loc.gov/MARC21/slim" xmlns:dcterms="http://purl.org/dc/terms/" xmlns:doc="http://www.lyncode.com/xoai" xmlns:xsi="http://www.w3.org/2001/XMLSchema-instance" xsi:schemaLocation="http://www.loc.gov/MARC21/slim http://www.loc.gov/standards/marcxml/schema/MARC21slim.xsd">
   <leader>00925njm 22002777a 4500</leader>
   <datafield ind2=" " ind1=" " tag="042">
      <subfield code="a">dc</subfield>
   </datafield>
   <datafield ind2=" " ind1=" " tag="720">
      <subfield code="a">Calleja-Reina, Marina</subfield>
      <subfield code="e">author</subfield>
   </datafield>
   <datafield ind2=" " ind1=" " tag="720">
      <subfield code="a">Rodríguez-Santos, José Miguel</subfield>
      <subfield code="e">author</subfield>
   </datafield>
   <datafield ind2=" " ind1=" " tag="720">
      <subfield code="a">Luque-Liñán, María Luisa</subfield>
      <subfield code="e">author</subfield>
   </datafield>
   <datafield ind2=" " ind1=" " tag="260">
      <subfield code="c">2015-09-11</subfield>
   </datafield>
   <datafield ind2=" " ind1=" " tag="520">
      <subfield code="a">En el presente trabajo se presenta una herramienta que hemos elaborado basada en los principios del e-leaning (Garrison &amp; Anderson, 2005) llamada Language Assessment Training System o LATS. Esta herramienta concebida como material formativo, se ha ubicado en el campus virtual de la Universidad de Málaga, a fin de convertirla en una herramienta rápida, cómoda, que permita el acceso just-in-time, la retroalimentación y la integración de los conocimientos adquirido a lo largo de la formación&#xd;
Concretamente esta herramienta, permite a los estudiantes entrenarse en toma de decisiones clínicas, mediante “casos clínicos virtuales” muy parecidos a los que se pueden encontrar en su desempeño profesional; además de servir para evaluar el grado de competencia profesional que van alcanzado los estudiantes (gracias a la retroalimentación, el uso de tutoriales,…, que nos permite conocer en qué parte del proceso han tomado la decisión correcta, dónde han tenido dudas, qué errores han cometido).</subfield>
   </datafield>
   <datafield ind1="8" ind2=" " tag="024">
      <subfield code="a">http://hdl.handle.net/10630/10231</subfield>
   </datafield>
   <datafield tag="653" ind2=" " ind1=" ">
      <subfield code="a">Logopedia - Estudio y enseñanza - Innovaciones tecnológicas</subfield>
   </datafield>
   <datafield ind2="0" ind1="0" tag="245">
      <subfield code="a">Mejorando la toma de decisión clínica en logopedia mediante el LATS (Language Assessment Training System)</subfield>
   </datafield>
</record>
</metadata></record></GetRecord></OAI-PMH>